| 000 | 00670nam a22002417a 4500 | ||
|---|---|---|---|
| 003 | LK-CoMWRAF | ||
| 005 | 20231113122508.0 | ||
| 008 | 231022b1980 |||||||| |||| 00| 0 eng d | ||
| 020 | _a0205068448 | ||
| 040 |
_aLK-CoMWRAF _dLK-CoMWRAF _eLK-CoMWRAF |
||
| 041 | _aeng | ||
| 082 |
_a155.4 _bMOR |
||
| 245 | _aMoral development and socialization | ||
| 260 |
_aBoston: _bAllyn and Bacon, _c1980 |
||
| 300 |
_axi, 264 p. ; 24 cm. _bIndex included |
||
| 650 | _aMORAL DEVELOPMENT | ||
| 650 | _aSocialization | ||
| 650 | _aMoral education | ||
| 700 |
_aWindmiller, Myra _eed. |
||
| 700 |
_a Lambert, Nadine M. _eed. |
||
| 700 |
_aTuriel, Elliot. _eed. |
||
| 942 | _cBK | ||
| 999 |
_c3968 _d3968 |
||